| 000 | 00574nam a2200193Ia 4500 | ||
|---|---|---|---|
| 003 | OSt | ||
| 005 | 20191228094745.0 | ||
| 008 | 190216s9999||||xx |||||||||||||| ||und|| | ||
| 020 | _a9780070660052 | ||
| 040 | _coclc | ||
| 082 |
_a330.015195 _bGUJ/B |
||
| 100 |
_aGujarati, Damodar N _9867 |
||
| 245 | 0 |
_aBasic Econometrics / _c Damodar N Gujarati ; Sangeetha |
|
| 250 | _a4th ed. | ||
| 260 |
_bTata Mcgrawhill Publishers, _aNew Delhi: _c2007. |
||
| 300 | _a1036p | ||
| 650 | _aEconomics | ||
| 942 |
_cBK _2ddc _h330.015195 _iGUJ/B _k330.015195 _mGUJ/B |
||
| 999 |
_c11105 _d11105 |
||